000 00591nam a2200229Ia 4500
003 OSt
005 20221005125925.0
006 a|||||r|||| 00| 0
007 ta
008 221004b |||||||| |||| 00| 0 eng d
024 _a70518
037 _cTextual
040 _aCRL
_cCRL
_beng
041 _2eng
_aeng
082 _aV3:10Y10434:M3, K9-;2
100 _aTaylor Geoffrey
_9637318
245 0 _aProblems of poverty 1660-1834
260 _c1969
650 _aHISTORY
942 _hV3:10Y10434:M3, K9-;2
_cTEXL
_2cc
999 _c1055520
_d1055520